Tretia čítanka a mluvnica pre evanjelické a.v. počiatočné školy.

Bibliographic Details
Main Author: Bežo, Ján, 1842-1905 (Author)
Format: Book
Language:Undetermined
PhysicalDescription:383 s.
Published: Senica Bežo J. 1895

MARC

LEADER 00000nam a2200000 a 4500
001 vtls001334467
003 SK-MaSNL
005 20260301200513.0
008 240314s1895 xx 0 und
035 |a SNK000287412 
040 |a SNK  |b slo  |c SNK  |e AACR2 
041 0 |a und 
044 |a xx 
100 1 |a Bežo, Ján,  |d 1842-1905  |4 aut  |9 115367 
245 1 0 |a Tretia čítanka a mluvnica pre evanjelické a.v. počiatočné školy. 
260 |a Senica  |b Bežo J.  |c 1895 
300 |a 383 s. 
958 |a ONDV 
999 |c 890771  |d 892701 
952 |t P60, <04>, [BOOK], {604}  |a SNK  |b SNK  |y VYP  |7 0  |p 17A0143647  |o snkSD 1957 D1  |0 0  |1 0  |4 0  |d 1998-06-15  |l 0  |r 2005-01-02 00:00:00  |w 2026-02-24